Normal view
MARC view
Entry Personal Name
001 - CONTROL NUMBER
- control field: 46209
003 - CONTROL NUMBER IDENTIFIER
- control field: ARRUPE
005 - DATE AND TIME OF LATEST TRANSACTION
- control field: 20190503095253.0
008 - FIXED-LENGTH DATA ELEMENTS
- fixed length control field: 190503|| aca||aabn | a|a d
040 ## - CATALOGING SOURCE
- Original cataloging agency: ARRUPE
- Transcribing agency: ARRUPE
100 ## - HEADING--PERSONAL NAME
- Personal name: Storr, Anthony.
670 ## - SOURCE DATA FOUND
- Source citation: Work cat.: (ARRUPE)0: Storr, Anthony., Churchill's black dog, Kafka's mice, and other phenomena of the human mind /, 1965.